Historia de los tribunales del Islam / (Record no. 109937)

MARC details
000 -LEADER
campo de control de longitud fija 01050nam a2200253 i 4500
001 - NÚMERO DE CONTROL
campo de control 109937
003 - IDENTIFICADOR DE NÚMERO DE CONTROL
campo de control ES-MaACL
005 - FECHA Y HORA DE LA ÚLTIMA TRANSACCIÓN
campo de control 20240514180304.0
007 - CAMPO FIJO DE DESCRIPCIÓN FÍSICA--INFORMACIÓN GENERAL
campo de control de longitud fija t|
008 - DATOS DE LONGITUD FIJA--INFORMACIÓN GENERAL
campo de control de longitud fija 061121s1955 mr r ||||1| spa d
100 1# - ENTRADA PRINCIPAL--NOMBRE DE PERSONA
Nombre de persona Murir, Muhammad el-
9 (RLIN) 46902
245 10 - MENCIÓN DEL TÍTULO
Título Historia de los tribunales del Islam /
Mención de responsabilidad, etc. por Sidi Mohamed El Murir ; lo presenta, texto árabe con prólogo, notas, comentarios e índices, Alfredo Bustani.
260 ## - PUBLICACIÓN, DISTRIBUCIÓN, ETC.
Lugar de publicación, distribución, etc. Tetuán :
Nombre del editor, distribuidor, etc. Editora Marroquí,
Fecha de publicación, distribución, etc. 1955.
300 ## - DESCRIPCIÓN FÍSICA
Extensión 1 v. ;
Dimensiones 26 cm.
490 1# - MENCIÓN DE SERIE
Mención de serie Instituto General Franco de Estudios e Investigación Hispano-Arabe . Sección 1ª ;
Designación de volumen o secuencia 7
505 8# - NOTA DE CONTENIDO CON FORMATO
Nota de contenido con formato Contiene: T. II
546 ## - NOTA DE IDIOMA
Nota de lengua/lenguaje Texto en árabe.
650 #4 - PUNTO DE ACCESO ADICIONAL DE MATERIA--TÉRMINO DE MATERIA
Término de materia o nombre geográfico como elemento de entrada Tribunales musulmanes-
Subdivisión de forma Historia.
9 (RLIN) 168524
700 1# - ENTRADA AGREGADA--NOMBRE PERSONAL
Nombre de persona Bustani, Alfredo.
9 (RLIN) 32888
710 2# - ENTRADA AGREGADA--NOMBRE DE ENTIDAD CORPORATIVA
Nombre de entidad corporativa o nombre de jurisdicción como elemento de entrada Instituto General Franco de Estudios e Investigación Hispano-Árabe.
9 (RLIN) 149197
830 0# - PUNTO DE ACCESO ADICIONAL DE SERIE-TÍTULO UNIFORME
Título uniforme Publicaciones del Instituto General Franco de Estudios e Investigación Hispano-Árabe
Designación de volumen o secuencia 7
9 (RLIN) 231057
852 ## - LOCALIZACIÓN
Ubicación ES-MaACL
Número de control de estantería P-996
Holdings
Estatus retirado Estado de pérdida Estado de daño No para préstamo Biblioteca de origen Biblioteca actual Ubicación en estantería Fecha de adquisición Fuente de adquisición Total de préstamos Signatura topográfica completa Código de barras Visto por última vez Precio de reemplazo Tipo de ítem Koha
        Biblioteca del Ateneo de Madrid Biblioteca del Ateneo de Madrid Depósito 2 17/01/2008     P-996 1114703 23/02/2023 23/02/2023 Libro impreso